[Event "St Petersburg-ch (Women) 91st"]
[Site "St Petersburg"]
[Date "2023.03.18"]
[Round "1"]
[White "Kramarenko, Ekaterina"]
[Black "Chernyak, Viktoria"]
[Result "1-0"]
[WhiteElo "1740"]
[BlackElo "2252"]
[PlyCount "61"]
[EventDate "2023.03.18"]
[EventType "swiss"]
[EventRounds "9"]
[EventCountry "RUS"]
[SourceTitle "CBM 213 Extra"]
[Source "ChessBase"]
[SourceDate "2023.05.31"]
[SourceVersion "1"]
[SourceVersionDate "2023.05.31"]
[SourceQuality "1"]

1. e4 c5 2. Nf3 a6 3. c3 d5 4. exd5 Qxd5 5. d4 e6 6. Be2 Nf6 7. 0-0 cxd4 8. cxd4 Nc6 9. Nc3 Qd6 10. Be3 Be7 11. Qd2 Nb4 12. Bf4 Qd8 13. Ne5 0-0 14. Bf3 Nbd5 15. Bg3 Re8 16. Rfd1 Bf8 17. Rac1 h6 18. Qe2 Bd7 19. Bh4 g5 20. Bg3 Bg7 21. h4 Re7 22. Qd2 Nxc3 23. Rxc3 Nd5 24. Bxd5 exd5 25. hxg5 hxg5 26. Nxd7 Rxd7 27. Rdc1 Bf6 28. Qd3 Qe7 29. Qd2 Re8 30. Be5 Bxe5 31. dxe5 1-0

[Event "RUS-chT Rapid (Women)"]
[Site "Sochi"]
[Date "2022.10.18"]
[Round "2.6"]
[White "Chernyak, Viktoria"]
[Black "Girya, Olga"]
[Result "1/2-1/2"]
[WhiteElo "2252"]
[BlackElo "2398"]
[PlyCount "108"]
[EventDate "2022.10.18"]
[EventType "team-swiss (rapid)"]
[EventRounds "9"]
[EventCountry "RUS"]
[SourceTitle "CBM 210 Extra"]
[Source "ChessBase"]
[SourceDate "2022.11.30"]
[SourceVersion "1"]
[SourceVersionDate "2022.11.30"]
[SourceQuality "1"]
[WhiteTeam "St Petersburg SShOR (W)"]
[BlackTeam "Yugra (W)"]
[WhiteTeamCountry "RUS"]
[BlackTeamCountry "RUS"]

1. c4 Nf6 2. Nc3 e5 3. g3 Bb4 4. e4 b5 5. cxb5 a6 6. b6 cxb6 7. Nge2 Bb7 8. Bg2 0-0 9. d4 Nxe4 10. 0-0 Nxc3 11. bxc3 Bxg2 12. Kxg2 Bd6 13. dxe5 Bxe5 14. Qd5 Nc6 15. Rd1 Qf6 16. Ba3 Rfd8 17. Rd3 Rac8 18. Re3 Re8 19. Qxd7 Rcd8 20. Qg4 g6 21. Re1 h5 22. Qc4 Na5 23. Qa4 Re6 24. Nd4 Bxd4 25. cxd4 Rxe3 26. fxe3 Rc8 27. Rc1 Rxc1 28. Bxc1 Qe6 29. Qc2 Nc6 30. Bd2 f5 31. a4 Qd5+ 32. Kg1 b5 33. axb5 axb5 34. Qb2 Kf7 35. Qa3 h4 36. gxh4 f4 37. exf4 Nxd4 38. Qa7+ Ke6 39. Qa6+ Kf5 40. Qc8+ Ke4 41. Kf2 Ne6 42. Qc2+ Qd3 43. Qc6+ Qd5 44. Qc2+ Qd3 45. Qc6+ Kf5 46. Be3 b4 47. Qb7 Qc2+ 48. Kg3 Qb3 49. Kf2 Qc2+ 50. Kf3 Qd1+ 51. Kf2 Qc2+ 52. Kf3 Qd1+ 53. Kf2 Qc2+ 54. Kf3 Qd1+ 1/2-1/2

[Event "RUS-chT Rapid (Women)"]
[Site "Sochi"]
[Date "2022.10.18"]
[Round "5.10"]
[White "Khokhlova, Daria"]
[Black "Chernyak, Viktoria"]
[Result "1-0"]
[WhiteElo "2117"]
[BlackElo "2252"]
[PlyCount "125"]
[EventDate "2022.10.18"]
[EventType "team-swiss (rapid)"]
[EventRounds "9"]
[EventCountry "RUS"]
[SourceTitle "CBM 210 Extra"]
[Source "ChessBase"]
[SourceDate "2022.11.30"]
[SourceVersion "1"]
[SourceVersionDate "2022.11.30"]
[SourceQuality "1"]
[WhiteTeam "Krasnodar Kassiopeya (W)"]
[BlackTeam "St Petersburg SShOR (W)"]
[WhiteTeamCountry "RUS"]
[BlackTeamCountry "RUS"]

1. d4 Nf6 2. c4 e6 3. g3 d5 4. Nf3 dxc4 5. Bg2 a6 6. a4 c5 7. 0-0 Nc6 8. dxc5 Qxd1 9. Rxd1 Bxc5 10. Nbd2 Ng4 11. e3 c3 12. bxc3 f5 13. Nc4 Ke7 14. Ba3 Bxa3 15. Rxa3 Bd7 16. h3 Nf6 17. Nfe5 Nxe5 18. Nxe5 Rab8 19. Rb1 b6 20. Rab3 Bxa4 21. Rxb6 Rxb6 22. Rxb6 Rc8 23. Rxa6 Bb5 24. Rb6 Be2 25. Rb7+ Kd6 26. Nf7+ Kc5 27. Ng5 e5 28. Rxg7 Kd6 29. Nxh7 Nd5 30. Bxd5 Kxd5 31. Rd7+ Ke6 32. Rd2 Bh5 33. Rc2 f4 34. exf4 exf4 35. gxf4 Kf5 36. h4 Kxf4 37. Rd2 Rxc3 38. Rd4+ Ke5 39. Rb4 Bf3 40. Ng5 Bc6 41. Kh2 Kf5 42. Rd4 Ra3 43. Rc4 Bd5 44. Rb4 Bc6 45. Nh3 Rf3 46. h5 Bd7 47. Rh4 Ra3 48. f3 Kf6 49. h6 Bf5 50. Kg3 Bh7 51. Rg4 Ra7 52. Nf4 Rf7 53. Nh5+ Ke6 54. f4 Rd7 55. Kh4 Rf7 56. Rg5 Rd7 57. Re5+ Kf7 58. Ra5 Rb7 59. Kg5 Bd3 60. f5 Rb8 61. Ra7+ Kg8 62. Nf6+ Kf8 63. h7 1-0

[Event "RUS-chT Blitz (Women)"]
[Site "Sochi"]
[Date "2022.10.17"]
[Round "5.2"]
[White "Garifullina, Leya"]
[Black "Chernyak, Viktoria"]
[Result "1-0"]
[WhiteElo "2367"]
[BlackElo "2252"]
[PlyCount "63"]
[EventDate "2022.10.17"]
[EventType "team-swiss (blitz)"]
[EventRounds "11"]
[EventCountry "RUS"]
[SourceTitle "CBM 210 Extra"]
[Source "ChessBase"]
[SourceDate "2022.11.30"]
[SourceVersion "1"]
[SourceVersionDate "2022.11.30"]
[SourceQuality "1"]
[WhiteTeam "Yugra (W)"]
[BlackTeam "St Petersburg SShOR (W)"]
[WhiteTeamCountry "RUS"]
[BlackTeamCountry "RUS"]

1. e4 c5 2. Nf3 a6 3. c4 e6 4. Nc3 Qc7 5. d4 cxd4 6. Nxd4 Nf6 7. Bd3 b6 8. 0-0 Bb7 9. Re1 Nc6 10. Nxc6 Qxc6 11. Bf1 d6 12. Be3 Nxe4 13. Nxe4 Qxe4 14. Bxb6 Qc6 15. Be3 Be7 16. b4 0-0 17. Rc1 d5 18. b5 Qd7 19. cxd5 axb5 20. dxe6 Qxe6 21. Bc5 Be4 22. Bxe7 Qxe7 23. Qd4 Ra4 24. Qc3 Qb7 25. Re2 Bd5 26. Rb2 Rxa2 27. Rxb5 Qa8 28. Qd4 Be6 29. Rcb1 h6 30. Qd6 Rd8 31. Rb8 Kh7 32. Qxd8 1-0

[Event "Badalona op 46th"]
[Site "Badalona"]
[Date "2022.08.09"]
[Round "8"]
[White "Anuj, Shrivatri"]
[Black "Chernyak, Viktoria"]
[Result "1-0"]
[WhiteElo "2413"]
[BlackElo "2239"]
[PlyCount "84"]
[EventDate "2022.08.02"]
[EventType "swiss"]
[EventRounds "9"]
[EventCountry "ESP"]
[SourceTitle "CBM 209 Extra"]
[Source "ChessBase"]
[SourceDate "2022.09.30"]
[SourceVersion "1"]
[SourceVersionDate "2022.09.30"]
[SourceQuality "1"]

1. c4 e6 2. Nc3 d5 3. d4 Be7 4. Bf4 Nf6 5. e3 0-0 6. Nf3 b6 7. Bd3 dxc4 8. Bxc4 Bb7 9. 0-0 Nh5 10. Be5 Nd7 11. Qe2 Bd6 12. Rad1 Qe7 13. Bxd6 cxd6 14. e4 Rac8 15. Bb3 Rfd8 16. Rfe1 h6 17. Qe3 Nhf6 18. h3 Nf8 19. d5 exd5 20. Nxd5 Nxd5 21. Bxd5 Bxd5 22. Rxd5 Rc2 23. Nd4 Rc7 24. Re2 Ng6 25. g3 Qd7 26. Nf5 Qe6 27. Qd4 Ne5 28. Kg2 g6 29. Rxd6 Rxd6 30. Qxd6 Qxd6 31. Nxd6 Rc1 32. f4 Nd7 33. Rd2 Nc5 34. b4 Ne6 35. f5 gxf5 36. exf5 Nc7 37. g4 Kg7 38. Kg3 Rb1 39. Nxf7 Rxb4 40. Rd7 Nb5 41. Nd6+ Kf6 42. Nxb5 Rxb5 1-0

[Event "Badalona op 46th"]
[Site "Badalona"]
[Date "2022.08.06"]
[Round "5"]
[White "Chernyak, Viktoria"]
[Black "Van den Bosch, Arno"]
[Result "1-0"]
[WhiteElo "2239"]
[BlackElo "2028"]
[PlyCount "53"]
[EventDate "2022.08.02"]
[EventType "swiss"]
[EventRounds "9"]
[EventCountry "ESP"]
[SourceTitle "CBM 209 Extra"]
[Source "ChessBase"]
[SourceDate "2022.09.30"]
[SourceVersion "1"]
[SourceVersionDate "2022.09.30"]
[SourceQuality "1"]

1. c4 e6 2. g3 d5 3. Bg2 Nf6 4. Nf3 Be7 5. d4 dxc4 6. 0-0 a6 7. Ne5 0-0 8. Nc3 Ra7 9. a4 b6 10. e4 Bb7 11. Nxc4 Nc6 12. Be3 Nb4 13. Qe2 Qa8 14. Bf4 Bc6 15. Rfd1 Rd8 16. Rac1 Kf8 17. h4 Be8 18. g4 b5 19. g5 Ng8 20. Ne3 c6 21. Qh5 Rad7 22. Qxh7 f6 23. Bh3 Rxd4 24. Rxd4 Rxd4 25. Bxe6 Bf7 26. Bxf7 Kxf7 27. Nf5 1-0

[Event "Moscow op-B (Women) 18th"]
[Site "Moscow"]
[Date "2022.07.18"]
[Round "7"]
[White "Voit, Daria"]
[Black "Chernyak, Viktoria"]
[Result "1-0"]
[WhiteElo "2340"]
[BlackElo "2255"]
[PlyCount "53"]
[EventDate "2022.07.14"]
[EventType "swiss"]
[EventRounds "9"]
[EventCountry "RUS"]
[SourceTitle "CBM 209 Extra"]
[Source "ChessBase"]
[SourceDate "2022.09.30"]
[SourceVersion "1"]
[SourceVersionDate "2022.09.30"]
[SourceQuality "1"]

1. d4 Nf6 2. c4 e6 3. Nf3 d5 4. g3 dxc4 5. Bg2 Bb4+ 6. Bd2 c5 7. Bxb4 cxb4 8. Ne5 0-0 9. a3 b3 10. Nxc4 a5 11. Qxb3 Qxd4 12. Nc3 Nc6 13. Rd1 Qc5 14. Na4 Qe7 15. Ncb6 Ra7 16. 0-0 e5 17. Nxc8 Rxc8 18. Nb6 Re8 19. e3 e4 20. Nd5 Qe5 21. Nxf6+ Qxf6 22. Rd5 g6 23. Rfd1 Qe6 24. Qb6 Re7 25. Rd6 Qc4 26. Bf1 Qa4 27. Rc1 1-0

[Event "Chigorin Memorial 28th"]
[Site "St Petersburg"]
[Date "2021.10.25"]
[Round "3"]
[White "Chernyak, Viktoria"]
[Black "Pogorelskikh, Sofia"]
[Result "1-0"]
[WhiteElo "2285"]
[BlackElo "2051"]
[PlyCount "93"]
[EventDate "2021.10.23"]
[EventType "swiss"]
[EventRounds "9"]
[EventCountry "RUS"]
[SourceTitle "EXT 2023"]
[Source "ChessBase"]
[SourceDate "2022.10.05"]
[SourceVersion "1"]
[SourceVersionDate "2022.10.05"]
[SourceQuality "1"]

1. c4 e5 2. Nc3 Nf6 3. Nf3 Nc6 4. e4 Bc5 5. Nxe5 Nxe5 6. d4 d5 7. cxd5 Bb6 8. dxe5 Ng4 9. Bb5+ Kf8 10. e6 Nxf2 11. Qf3 Qf6 12. Qxf6 gxf6 13. Rf1 Ng4 14. h3 Ne5 15. Bh6+ Ke7 16. Bg7 Rg8 17. Bxf6+ Kd6 18. Bxe5+ Kxe5 19. Rxf7 c6 20. Bf1 Ba5 21. Rf5+ Kd6 22. 0-0-0 Bxc3 23. bxc3 cxd5 24. exd5 Rg7 25. g4 b6 26. Bg2 Ba6 27. Rd4 Rc8 28. Kd2 Rgc7 29. Rf3 Bc4 30. a3 a5 31. g5 Rc5 32. Rf7 Bb5 33. Rf3 Bc4 34. Re3 Rb5 35. Bf3 Rb2+ 36. Ke1 b5 37. Bh5 Rb1+ 38. Kf2 Rf1+ 39. Kg3 Rf5 40. h4 Rc7 41. Bf3 Bb3 42. Kg4 Rf8 43. Be4 Rfc8 44. Re1 Rxc3 45. Bxh7 Bxd5 46. Be4 R3c5 47. Red1 1-0

[Event "RUS-chT Blitz (Women)"]
[Site "Sochi"]
[Date "2021.10.14"]
[Round "1.2"]
[White "Tinina, Kristina"]
[Black "Chernyak, Viktoria"]
[Result "0-1"]
[WhiteElo "1751"]
[BlackElo "2285"]
[PlyCount "72"]
[EventDate "2021.10.14"]
[EventType "team-tourn (blitz)"]
[EventRounds "11"]
[EventCountry "RUS"]
[SourceTitle "CBM 204 Extra"]
[Source "ChessBase"]
[SourceDate "2021.11.30"]
[SourceVersion "1"]
[SourceVersionDate "2021.11.30"]
[SourceQuality "1"]
[WhiteTeam "Belgorodsk Region (W)"]
[BlackTeam "St Petersburg SShOR (W)"]
[WhiteTeamCountry "RUS"]
[BlackTeamCountry "RUS"]

1. e4 c6 2. Nf3 d5 3. Nc3 Nf6 4. e5 Ne4 5. d4 Nxc3 6. bxc3 Bg4 7. Bd3 e6 8. h3 Bh5 9. a4 b6 10. Ba3 c5 11. 0-0 Be7 12. Be2 0-0 13. Qd2 Nc6 14. Rfd1 Rc8 15. Qf4 Bg6 16. Bd3 cxd4 17. Bxe7 Qxe7 18. cxd4 Na5 19. Qd2 Nc4 20. Qe2 Nb2 21. Re1 Nxd3 22. cxd3 Rc3 23. Red1 Rfc8 24. Ra2 h6 25. Kh2 Qb4 26. Qe3 Rb3 27. Nh4 Bh7 28. Nf3 Rcc3 29. Rad2 Qxa4 30. Qf4 Rxd3 31. Rxd3 Rxd3 32. Rc1 Qd7 33. Ne1 Ra3 34. Qd2 Bg6 35. Qb4 Ra2 36. Qe7 Qxe7 0-1

[Event "RUS-ch Blitz (Women)"]
[Site "Sochi"]
[Date "2021.10.11"]
[Round "5"]
[White "Chernyak, Viktoria"]
[Black "Nasybullina, Alfia"]
[Result "0-1"]
[WhiteElo "2285"]
[BlackElo "2101"]
[PlyCount "72"]
[EventDate "2021.10.11"]
[EventType "swiss (blitz)"]
[EventRounds "13"]
[EventCountry "RUS"]
[SourceTitle "CBM 204 Extra"]
[Source "ChessBase"]
[SourceDate "2021.11.30"]
[SourceVersion "1"]
[SourceVersionDate "2021.11.30"]
[SourceQuality "1"]

1. c4 e5 2. Nc3 d6 3. e4 g6 4. Nf3 Bg7 5. d4 Nd7 6. Be2 Ne7 7. 0-0 0-0 8. Be3 c6 9. Qd2 f5 10. dxe5 dxe5 11. exf5 gxf5 12. Bg5 e4 13. Nd4 Ne5 14. Rad1 Qe8 15. b3 N7g6 16. Bh5 Nf7 17. Be3 f4 18. Bxg6 fxe3 19. Bxf7+ Qxf7 20. Qxe3 Bg4 21. Rd2 Rae8 22. h3 Bh5 23. Nde2 Bg6 24. Ng3 Qe6 25. Rfd1 c5 26. Nd5 Bd4 27. Qe2 Rxf2 28. Qxf2 Bxf2+ 29. Kxf2 Rf8+ 30. Ke3 Qe5 31. Ne2 Qg5+ 32. Nef4 Qg3+ 33. Ke2 e3 34. Ne7+ Kh8 35. Nexg6+ hxg6 36. Rd8 Qxf4 0-1

[Event "EU-ch (Women) 21st"]
[Site "Iasi"]
[Date "2021.08.19"]
[Round "10"]
[White "Chernyak, Viktoria"]
[Black "Sieber, Fiona"]
[Result "1-0"]
[WhiteElo "2319"]
[BlackElo "2254"]
[PlyCount "91"]
[EventDate "2021.08.09"]
[EventType "swiss"]
[EventRounds "11"]
[EventCountry "ROU"]
[SourceTitle "CBM 203 Extra"]
[Source "ChessBase"]
[SourceDate "2021.09.30"]
[SourceVersion "1"]
[SourceVersionDate "2021.09.30"]
[SourceQuality "1"]

1. d4 Nf6 2. Bf4 e6 3. e3 c5 4. c3 Qb6 5. Qb3 Nh5 6. Bg5 h6 7. Bh4 g5 8. Be2 Nf6 9. Bg3 Nc6 10. Nd2 Na5 11. Qc2 d6 12. h3 Bd7 13. Ngf3 Rc8 14. 0-0 Bb5 15. dxc5 dxc5 16. Bxb5+ Qxb5 17. c4 Qb6 18. Qc3 Bg7 19. Ne4 Nxe4 20. Qxg7 Rf8 21. b3 Qd8 22. Qxh6 Nc6 23. Qh7 Nxg3 24. fxg3 g4 25. hxg4 Qf6 26. Qe4 Rd8 27. g5 Qg6 28. Qf4 Qc2 29. Rf2 Qc3 30. Raf1 Rd7 31. Re2 Rg8 32. Ree1 Qc2 33. Rf2 Qc3 34. Ref1 Rf8 35. g4 Rg8 36. Re2 Rf8 37. Ree1 Qc2 38. Rf2 Qc3 39. Ref1 Rg8 40. Nd2 e5 41. Qf3 Rxd2 42. Qxf7+ Kd8 43. Qxg8+ Kc7 44. Qh7+ Kb6 45. Rxd2 Qxd2 46. Qe4 1-0

[Event "EU-ch (Women) 21st"]
[Site "Iasi"]
[Date "2021.08.11"]
[Round "3"]
[White "Allahverdiyeva, Ayan"]
[Black "Chernyak, Viktoria"]
[Result "0-1"]
[WhiteElo "2095"]
[BlackElo "2319"]
[PlyCount "66"]
[EventDate "2021.08.09"]
[EventType "swiss"]
[EventRounds "11"]
[EventCountry "ROU"]
[SourceTitle "CBM 203 Extra"]
[Source "ChessBase"]
[SourceDate "2021.09.30"]
[SourceVersion "1"]
[SourceVersionDate "2021.09.30"]
[SourceQuality "1"]

1. e4 c6 2. d4 d5 3. e5 Bf5 4. Nf3 e6 5. Be2 Nd7 6. 0-0 a6 7. Nbd2 h6 8. Nb3 c5 9. dxc5 Bxc5 10. Nxc5 Nxc5 11. a4 Rc8 12. Nd4 Ne7 13. f3 Qc7 14. Re1 0-0 15. Kh1 Bh7 16. Bf4 Nc6 17. Ra3 Qb6 18. Nxc6 Rxc6 19. Bc1 Nxa4 20. Rxa4 Bxc2 21. Qd4 Bxa4 22. Qxa4 Rfc8 23. Qa1 Qd4 24. Qb1 Rc2 25. Bf1 Qb4 26. Rd1 Qb3 27. Re1 a5 28. h3 a4 29. Qa1 b5 30. Kh2 Qb4 31. Rd1 Rxc1 32. Rxc1 Qf4+ 33. Kg1 Rxc1 0-1

[Event "RUS-ch Higher League (Women) 71st"]
[Site "Cheboksary"]
[Date "2021.07.05"]
[Round "9"]
[White "Chernyak, Viktoria"]
[Black "Bivol, Alina"]
[Result "1/2-1/2"]
[WhiteElo "2315"]
[BlackElo "2374"]
[PlyCount "44"]
[EventDate "2021.06.26"]
[EventType "swiss"]
[EventRounds "9"]
[EventCountry "RUS"]
[SourceTitle "CBM 203 Extra"]
[Source "ChessBase"]
[SourceDate "2021.09.30"]
[SourceVersion "1"]
[SourceVersionDate "2021.09.30"]
[SourceQuality "1"]

1. d4 Nf6 2. c4 c5 3. d5 g6 4. f3 Bg7 5. e4 d6 6. Nc3 0-0 7. Nge2 e6 8. Be3 exd5 9. cxd5 Re8 10. Qd2 Nbd7 11. Ng3 a6 12. a4 Qa5 13. Ra3 h5 14. Be2 Ne5 15. 0-0 h4 16. Nh1 Nh7 17. Nf2 f5 18. Raa1 Nf7 19. Bd3 Ne5 20. Be2 Nf7 21. Bd3 Ne5 22. Be2 Nf7 1/2-1/2

[Event "RUS-ch Higher League (Women) 71st"]
[Site "Cheboksary"]
[Date "2021.07.04"]
[Round "8"]
[White "Grigorieva, Yulia"]
[Black "Chernyak, Viktoria"]
[Result "0-1"]
[WhiteElo "2143"]
[BlackElo "2315"]
[PlyCount "76"]
[EventDate "2021.06.26"]
[EventType "swiss"]
[EventRounds "9"]
[EventCountry "RUS"]
[SourceTitle "CBM 203 Extra"]
[Source "ChessBase"]
[SourceDate "2021.09.30"]
[SourceVersion "1"]
[SourceVersionDate "2021.09.30"]
[SourceQuality "1"]

1. d4 d5 2. c4 e6 3. Nf3 Nf6 4. Qc2 dxc4 5. Qxc4 Nbd7 6. g3 c5 7. dxc5 Bxc5 8. Bg2 a6 9. Qc2 0-0 10. 0-0 Qe7 11. Nc3 Rb8 12. e4 Bd6 13. Re1 Ne5 14. Be3 Nfg4 15. Ba7 Ra8 16. Bb6 Bd7 17. Nxe5 Nxe5 18. Rad1 Rac8 19. a3 Bc6 20. Qe2 Bc5 21. Bxc5 Qxc5 22. Rc1 Rfd8 23. Nd5 Qf8 24. Nf4 g5 25. Nh5 Nd3 26. Qg4 h6 27. Nf6+ Kg7 28. Nh5+ Kh8 29. h4 Qe7 30. e5 Nxc1 31. Nf6 Nd3 32. hxg5 Qf8 33. Bxc6 Nxe1 34. Be4 Nd3 35. f4 Rc1+ 36. Kg2 Rc2+ 37. Kg1 Qc5+ 38. Kh1 Nf2+ 0-1

[Event "RUS-ch Higher League (Women) 71st"]
[Site "Cheboksary"]
[Date "2021.06.28"]
[Round "3"]
[White "Chernyak, Viktoria"]
[Black "Afonasieva, Anna"]
[Result "1/2-1/2"]
[WhiteElo "2315"]
[BlackElo "2323"]
[PlyCount "114"]
[EventDate "2021.06.26"]
[EventType "swiss"]
[EventRounds "9"]
[EventCountry "RUS"]
[SourceTitle "CBM 203 Extra"]
[Source "ChessBase"]
[SourceDate "2021.09.30"]
[SourceVersion "1"]
[SourceVersionDate "2021.09.30"]
[SourceQuality "1"]

1. Nf3 d5 2. e3 Nf6 3. c4 c6 4. Nc3 e6 5. b3 Bd6 6. Bb2 0-0 7. Qc2 Nbd7 8. Be2 Qe7 9. d4 b6 10. 0-0 Bb7 11. Rfd1 Rac8 12. Rac1 Rfd8 13. h3 c5 14. cxd5 exd5 15. Qf5 h6 16. Bb5 a6 17. Bxd7 Qxd7 18. Qxd7 Nxd7 19. dxc5 Nxc5 20. Nd4 g6 21. Nce2 Be5 22. g4 a5 23. Rc2 Bg7 24. Kg2 Ne6 25. Rdc1 Rxc2 26. Rxc2 Rc8 27. Rxc8+ Bxc8 28. Ba3 Ba6 29. Bd6 Bf8 30. Bxf8 Kxf8 31. Nc3 Nc7 32. Kg3 Ke7 33. h4 Bd3 34. Kf4 Kd6 35. Kg3 b5 36. a3 Kc5 37. Kf4 b4 38. Na4+ Kd6 39. axb4 axb4 40. Kf3 Ne6 41. Kg3 Bb1 42. Nb5+ Kd7 43. Nd4 Ba2 44. Nb2 Nxd4 45. exd4 Bxb3 46. Nd3 Kc6 47. Nxb4+ Kb5 48. Nd3 Kc4 49. Ne5+ Kxd4 50. Nxf7 h5 51. Kf4 Bd1 52. f3 Kc3 53. Ne5 d4 54. gxh5 gxh5 55. Kg5 d3 56. Nxd3 Kxd3 57. Kxh5 Bxf3+ 1/2-1/2

[Event "RUS-chT (Women)"]
[Site "Sochi"]
[Date "2020.11.23"]
[Round "5.1"]
[White "Chernyak, Viktoria"]
[Black "Voit, Daria"]
[Result "1/2-1/2"]
[WhiteElo "2325"]
[BlackElo "2353"]
[PlyCount "86"]
[EventDate "2020.11.19"]
[EventType "team-swiss"]
[EventRounds "9"]
[EventCountry "RUS"]
[SourceTitle "CBM 199 Extra"]
[Source "ChessBase"]
[SourceDate "2021.01.31"]
[SourceVersion "1"]
[SourceVersionDate "2021.01.31"]
[SourceQuality "1"]
[WhiteTeam "St Petersburg SHSH (W)"]
[BlackTeam "Moscow FShM (W)"]
[WhiteTeamCountry "RUS"]
[BlackTeamCountry "RUS"]

1. Nf3 d5 2. g3 Nf6 3. Bg2 c5 4. 0-0 Nc6 5. d4 e6 6. c4 dxc4 7. Ne5 Nxe5 8. dxe5 Nd7 9. f4 Rb8 10. a4 a6 11. a5 Be7 12. Qa4 0-0 13. Qxc4 b5 14. axb6 Nxb6 15. Qc2 c4 16. Nd2 Qc7 17. Ne4 Nd5 18. Kh1 Bb7 19. Bd2 Rfc8 20. Rfc1 Qb6 21. Ba5 Qa7 22. Bf3 Ne3 23. Qd2 Ng4 24. Bxg4 Bxe4+ 25. Bf3 Bxf3+ 26. exf3 Qb7 27. Bc3 Qxf3+ 28. Qg2 Qc6 29. Qxc6 Rxc6 30. Ra4 Kf8 31. Kg2 Ke8 32. Rca1 Ra8 33. Rd1 f5 34. Kf3 Ra7 35. Rd4 Rac7 36. Rd1 g5 37. h3 h5 38. Rd4 g4+ 39. hxg4 hxg4+ 40. Ke2 Rc8 41. Be1 Rb8 42. Bc3 Rbc8 43. Be1 Rb8 1/2-1/2

[Event "RUS-chT (Women)"]
[Site "Sochi"]
[Date "2020.11.20"]
[Round "2.3"]
[White "Bulatova, Kamaliya"]
[Black "Chernyak, Viktoria"]
[Result "1/2-1/2"]
[WhiteElo "2143"]
[BlackElo "2325"]
[PlyCount "118"]
[EventDate "2020.11.19"]
[EventType "team-swiss"]
[EventRounds "9"]
[EventCountry "RUS"]
[SourceTitle "CBM 199 Extra"]
[Source "ChessBase"]
[SourceDate "2021.01.31"]
[SourceVersion "1"]
[SourceVersionDate "2021.01.31"]
[SourceQuality "1"]
[WhiteTeam "Tatarstan Ladya (W)"]
[BlackTeam "St Petersburg SHSH (W)"]
[WhiteTeamCountry "RUS"]
[BlackTeamCountry "RUS"]

1. Nf3 d5 2. b3 c5 3. e3 Nf6 4. Bb2 Nc6 5. Bb5 Bg4 6. h3 Bh5 7. g4 Bg6 8. Bxc6+ bxc6 9. Ne5 Nd7 10. Nxg6 hxg6 11. d3 e6 12. Nd2 g5 13. Nf3 f6 14. Qd2 Bd6 15. 0-0-0 Qc7 16. h4 gxh4 17. Nxh4 0-0-0 18. Ng6 Rxh1 19. Rxh1 Ne5 20. Nxe5 fxe5 21. Kb1 Rf8 22. Qe2 Qf7 23. Rh7 Qxf2 24. Qxf2 Rxf2 25. Rxg7 Rf1+ 26. Bc1 c4 27. b4 c3 28. a3 a5 29. g5 axb4 30. g6 Rg1 31. axb4 Bxb4 32. Rg8+ Kd7 33. g7 Be7 34. Ka2 Bf6 35. Ba3 Rxg7 36. Rxg7+ Bxg7 37. Kb3 d4 38. e4 Bf6 39. Bc1 Be7 40. Ka4 Kc7 41. Ka5 Kb7 42. Bh6 Bd8+ 43. Kb4 Kb6 44. Bf8 Bg5 45. Bd6 Bf6 46. Bf8 Kc7 47. Ka5 Kd7 48. Kb6 Bd8+ 49. Kc5 Bg5 50. Kb6 Bc1 51. Bg7 Bf4 52. Bf8 Bg5 53. Kc5 Bd8 54. Bg7 Be7+ 55. Kb6 Kd6 56. Ka5 Bg5 57. Bf8+ Kd7 58. Kb6 Bd8+ 59. Kc5 Bf6 1/2-1/2

[Event "Rilton Cup 49th"]
[Site "Stockholm"]
[Date "2020.01.05"]
[Round "9"]
[White "Chernyak, Viktoria"]
[Black "Sorensen, Hampus"]
[Result "1/2-1/2"]
[WhiteElo "2284"]
[BlackElo "2364"]
[PlyCount "69"]
[EventDate "2019.12.27"]
[EventType "swiss"]
[EventRounds "9"]
[EventCountry "SWE"]
[SourceTitle "EXT 2021"]
[Source "ChessBase"]
[SourceDate "2020.10.23"]
[SourceVersion "1"]
[SourceVersionDate "2020.10.23"]
[SourceQuality "1"]

1. c4 e5 2. g3 h5 3. Nf3 Nc6 4. Nc3 Bc5 5. d3 d6 6. a3 Nd4 7. Bg2 c6 8. Ne4 Nxf3+ 9. Bxf3 Bh3 10. Nxc5 dxc5 11. Be3 Qd6 12. Qb3 b6 13. 0-0-0 Ne7 14. Bd2 Bg4 15. Rhe1 Bxf3 16. exf3 0-0 17. f4 exf4 18. Bxf4 Qd7 19. Re4 Nf5 20. Be3 Rfe8 21. Qc3 Rad8 22. Re1 Rxe4 23. dxe4 Nxe3 24. Qxe3 Qe6 25. b3 Rd4 26. Kc2 b5 27. cxb5 cxb5 28. e5 a5 29. Rd1 Qf5+ 30. Kc1 Re4 31. Qxc5 Rxe5 32. Rd8+ Kh7 33. Qd4 Re1+ 34. Kb2 Re4 35. Qb6 1/2-1/2

[Event "Rilton Cup 49th"]
[Site "Stockholm"]
[Date "2020.01.03"]
[Round "7"]
[White "Chernyak, Viktoria"]
[Black "Moehn, Hans"]
[Result "1-0"]
[WhiteElo "2284"]
[BlackElo "2373"]
[PlyCount "119"]
[EventDate "2019.12.27"]
[EventType "swiss"]
[EventRounds "9"]
[EventCountry "SWE"]
[SourceTitle "CBM 194 Extra"]
[Source "ChessBase"]
[SourceDate "2020.03.31"]
[SourceVersion "1"]
[SourceVersionDate "2020.03.31"]
[SourceQuality "1"]

1. d4 Nf6 2. Nf3 g6 3. c4 Bg7 4. Nc3 0-0 5. e4 d6 6. Be2 Na6 7. 0-0 e5 8. Be3 Qe8 9. dxe5 dxe5 10. Nd2 Nd7 11. a3 Nac5 12. b4 Ne6 13. c5 Kh8 14. Rc1 a6 15. Nd5 Nb8 16. Nc4 Nc6 17. Kh1 Bd7 18. Qe1 f5 19. exf5 gxf5 20. f4 e4 21. Qh4 Ncd4 22. Bxd4 Nxd4 23. Nxc7 Qd8 24. Qxd8 Raxd8 25. Bh5 Nb5 26. Nd5 Be6 27. Nde3 Rd3 28. Be2 Rb3 29. Bd1 Rd3 30. Be2 Rb3 31. Bd1 Rc3 32. Rxc3 Bxc3 33. g4 fxg4 34. Bxg4 Bg8 35. Kg2 Rd8 36. Rd1 Rxd1 37. Bxd1 Bd4 38. Bc2 Nc3 39. Kf1 Nd5 40. Nxd5 Bxd5 41. Nd6 Bb2 42. a4 Bc6 43. Bxe4 Ba3 44. Bxc6 bxc6 45. Ke2 Bxb4 46. Ne4 Kg7 47. f5 Kf7 48. Ke3 Ke7 49. Kf4 Ba3 50. h4 Bc1+ 51. Kf3 Ba3 52. Ke3 Bb4 53. Kd4 Be1 54. h5 Ba5 55. Ke5 Bc7+ 56. Nd6 Kd7 57. Kf6 Bxd6 58. cxd6 c5 59. Kg7 c4 60. f6 1-0